Muhammad A Mercy to All The Nations (Record no. 185420)

000 -LEADER
fixed length control field 00609 a2200181 4500
003 - CONTROL NUMBER IDENTIFIER
control field Nust
005 - DATE AND TIME OF LATEST TRANSACTION
control field 20230131095534.0
020 ## - INTERNATIONAL STANDARD BOOK NUMBER
International Standard Book Number 8185063230
040 ## - CATALOGING SOURCE
Transcribing agency Nust
082 ## - DEWEY DECIMAL CLASSIFICATION NUMBER
Classification number 297.63, JAI
100 ## - MAIN ENTRY--PERSONAL NAME
Personal name Jairazbhoy,Qasim Ali
9 (RLIN) 108156
245 ## - TITLE STATEMENT
Title Muhammad A Mercy to All The Nations
Statement of responsibility, etc. Al -Hajj Qasim Ali Jairazbhoy
260 ## - PUBLICATION, DISTRIBUTION, ETC.
Place of publication, distribution, etc. New Delhi
Name of publisher, distributor, etc. Good Word Books
300 ## - PHYSICAL DESCRIPTION
Extent 388:p
505 ## - FORMATTED CONTENTS NOTE
Formatted contents note Preface (Page-11), Life Of Muhammad From Birth To Death(Pages-36 To 208). Achievements (Page-211), Personality, Qualities And Teachings (Pages-266 To 355).
650 ## - SUBJECT ADDED ENTRY--TOPICAL TERM
Topical term or geographic name entry element Muhammad (P.B.U)
9 (RLIN) 108157
942 ## - ADDED ENTRY ELEMENTS (KOHA)
Source of classification or shelving scheme
Koha item type Book
Holdings
Withdrawn status Lost status Source of classification or shelving scheme Damaged status Not for loan Permanent Location Current Location Shelving location Date acquired Total Checkouts Full call number Barcode Date last seen Date last checked out Price effective from Koha item type Public note
          Military College of Signals (MCS) Military College of Signals (MCS) General Stacks 12/12/2016 1 297.63,JAI MCS26990 10/09/2025 09/23/2025 12/12/2016 Book Almirah No.47 Shelf No.5
© 2023 Central Library, National University of Sciences and Technology. All Rights Reserved.